[Event "Titled Tuesday intern op 16th Apr Late"]
[Site "Chess.com INT"]
[Date "2024.04.16"]
[Round "11"]
[White "Escalante, Rafael"]
[Black "Wiegmann, Sascha"]
[Result "0-1"]
[WhiteElo "2205"]
[BlackElo "2300"]
[PlyCount "74"]
[EventDate "2024.04.16"]
[EventType "swiss (blitz)"]
[EventRounds "11"]
[EventCountry "USA"]
[SourceTitle "CB17_2024"]
[SourceDate "2024.04.24"]
[SourceVersion "1"]
[SourceVersionDate "2024.04.24"]
[SourceQuality "1"]

1. Nf3 c5 2. e3 Nf6 3. d4 d5 4. c4 cxd4 5. exd4 Nc6 6. c5 g6 7. Nc3 Bg7 8. Be2 0-0 9. 0-0 Ne4 10. Bf4 Bg4 11. Be3 e5 12. Nxe4 dxe4 13. Nxe5 Bxe2 14. Qxe2 Nxd4 15. Bxd4 Qxd4 16. Nc4 Qxc5 17. Qxe4 Rfe8 18. Qd3 b5 19. Ne3 Rad8 20. Qb3 a6 21. Rac1 Qd4 22. Rc2 Re7 23. g3 Red7 24. Rd1 Qe4 25. Rxd7 Rxd7 26. Rc1 Bd4 27. Re1 Qf3 28. Qd1 Qxd1 29. Rxd1 Kf8 30. b3 Ke7 31. Re1 Kf6 32. Kg2 Bb6 33. Re2 Rd4 34. Kf3 h5 35. h4 a5 36. Rc2 Rd6 37. Rc8 Bd4 0-1

[Event "Titled Tuesday intern op 16th Apr Late"]
[Site "Chess.com INT"]
[Date "2024.04.16"]
[Round "10"]
[White "Korol, Dimitry"]
[Black "Escalante, Rafael"]
[Result "1-0"]
[WhiteElo "2287"]
[BlackElo "2205"]
[PlyCount "61"]
[EventDate "2024.04.16"]
[EventType "swiss (blitz)"]
[EventRounds "11"]
[EventCountry "USA"]
[SourceTitle "CB17_2024"]
[SourceDate "2024.04.24"]
[SourceVersion "1"]
[SourceVersionDate "2024.04.24"]
[SourceQuality "1"]

1. d4 Nf6 2. c4 e6 3. Nc3 Bb4 4. Qc2 d6 5. e4 Bxc3+ 6. bxc3 e5 7. Bd3 c5 8. f4 Nc6 9. d5 Ne7 10. fxe5 dxe5 11. Nf3 Ng6 12. 0-0 h6 13. Be3 b6 14. h3 0-0 15. a4 a5 16. g4 Ne8 17. Kg2 Nd6 18. Qe2 Nh4+ 19. Nxh4 Qxh4 20. Rf3 Qe7 21. Rb1 Rb8 22. Bxc5 Bxg4 23. Bxb6 Bxf3+ 24. Qxf3 Qg5+ 25. Kh1 Nc8 26. c5 Nxb6 27. cxb6 Qe7 28. Qe3 Qa3 29. c4 Qxa4 30. c5 Rfc8 31. c6 1-0

[Event "Titled Tuesday intern op 02nd Apr Late"]
[Site "Chess.com INT"]
[Date "2024.04.02"]
[Round "5"]
[White "Manukian, Artak"]
[Black "Escalante, Rafael"]
[Result "1/2-1/2"]
[WhiteElo "2196"]
[BlackElo "2205"]
[PlyCount "95"]
[EventDate "2024.04.02"]
[EventType "swiss (blitz)"]
[EventRounds "11"]
[EventCountry "USA"]
[SourceTitle "CB15_2024"]
[SourceDate "2024.04.10"]
[SourceVersion "1"]
[SourceVersionDate "2024.04.10"]
[SourceQuality "1"]

1. e4 e5 2. Nf3 Nc6 3. d4 exd4 4. Nxd4 Bc5 5. Nxc6 Qf6 6. Qd2 bxc6 7. Qf4 d6 8. Nc3 Qe7 9. Bd3 Nf6 10. Be3 Bxe3 11. Qxe3 0-0 12. 0-0 Re8 13. Rae1 c5 14. Nd5 Nxd5 15. exd5 Qxe3 16. Rxe3 Bb7 17. c4 Rxe3 18. fxe3 Re8 19. e4 f6 20. Kf2 Ba6 21. Ke3 Rb8 22. b3 Bc8 23. Kd2 a5 24. Kc3 Bd7 25. Bc2 h6 26. a3 Kf7 27. Rb1 Ke7 28. b4 axb4+ 29. axb4 cxb4+ 30. Rxb4 Rxb4 31. Kxb4 c5+ 32. Ka5 Bg4 33. Bd3 Bd1 34. Kb6 g5 35. g3 h5 36. h4 g4 37. Kc7 Ba4 38. Kb6 Bd1 39. Kb7 Bf3 40. Kc7 Bd1 41. Kc6 Ba4+ 42. Kb6 Kd7 43. Kb7 Bd1 44. Kb6 Ba4 45. Kb7 Ke7 46. Kc8 Bd7+ 47. Kc7 Ba4 48. Kb6 1/2-1/2

[Event "Titled Tuesday intern op 27th Feb Late"]
[Site "Chess.com INT"]
[Date "2024.02.27"]
[Round "5"]
[White "Escalante, Rafael"]
[Black "Alvarado Diaz, Alejandro"]
[Result "0-1"]
[WhiteElo "2205"]
[BlackElo "2477"]
[PlyCount "86"]
[EventDate "2024.02.27"]
[EventType "swiss (blitz)"]
[EventRounds "11"]
[EventCountry "USA"]
[SourceTitle "CB10_2024"]
[SourceDate "2024.03.06"]
[SourceVersion "1"]
[SourceVersionDate "2024.03.06"]
[SourceQuality "1"]

1. Nf3 c5 2. e3 Nc6 3. d4 d5 4. c4 cxd4 5. cxd5 Qxd5 6. Nc3 Qd8 7. exd4 e6 8. d5 exd5 9. Qxd5 Be6 10. Qb5 Rb8 11. Bf4 Rc8 12. Qxb7 Qb6 13. Qxb6 axb6 14. Bb5 Bb4 15. 0-0 Nge7 16. Rfc1 0-0 17. a3 Bxc3 18. Rxc3 Nd5 19. Rxc6 Nxf4 20. Rxb6 Rc2 21. b4 Bd5 22. Nd4 Rd2 23. Nc6 Bxg2 24. Ne7+ Kh8 25. a4 Bf3 26. Bf1 Re8 27. Nf5 g6 28. Ng3 h5 29. h4 g5 30. hxg5 h4 31. Rh6+ Kg7 32. Rxh4 Ng6 33. Rc4 Rh8 34. Bg2 Bxg2 35. Kxg2 Nh4+ 36. Kf1 Nf3 37. Kg2 Nh4+ 38. Kf1 Nf3 39. Ra3 Nxg5 40. Rc5 Ne6 41. Re5 Rhd8 42. Kg2 Nf4+ 43. Kf3 Ng6 0-1

[Event "Titled Tuesday intern op 27th Feb Late"]
[Site "Chess.com INT"]
[Date "2024.02.27"]
[Round "11"]
[White "Korol, Dimitry"]
[Black "Escalante, Rafael"]
[Result "1-0"]
[WhiteElo "2287"]
[BlackElo "2205"]
[PlyCount "39"]
[EventDate "2024.02.27"]
[EventType "swiss (blitz)"]
[EventRounds "11"]
[EventCountry "USA"]
[SourceTitle "CB10_2024"]
[SourceDate "2024.03.06"]
[SourceVersion "1"]
[SourceVersionDate "2024.03.06"]
[SourceQuality "1"]

1. d4 Nf6 2. c4 e6 3. Nc3 Bb4 4. Qc2 d6 5. e4 Bxc3+ 6. bxc3 e5 7. Bd3 c5 8. Ne2 Nc6 9. d5 Na5 10. 0-0 b6 11. f4 Nd7 12. Ng3 0-0 13. Nf5 Qc7 14. Qf2 Ba6 15. Qg3 g6 16. Nh6+ Kh8 17. f5 Bxc4 18. Bxc4 Nxc4 19. Qh4 Qd8 20. f6 1-0

[Event "Titled Tuesday intern op 26th Sep Late"]
[Site "Chess.com INT"]
[Date "2023.09.26"]
[Round "11"]
[White "Escalante, Rafael"]
[Black "Sarkar, Justin"]
[Result "1-0"]
[WhiteElo "2205"]
[BlackElo "2290"]
[PlyCount "57"]
[EventDate "2023.09.26"]
[EventType "swiss (blitz)"]
[EventRounds "11"]
[EventCountry "USA"]
[SourceTitle "EXT 2024"]
[Source "ChessBase"]
[SourceDate "2023.10.10"]
[SourceVersion "1"]
[SourceVersionDate "2023.10.10"]
[SourceQuality "1"]

1. Nf3 h6 2. d4 g5 3. e4 Bg7 4. c3 d6 5. Bd3 c5 6. h3 Nc6 7. Be3 Qb6 8. Qd2 Bd7 9. d5 Ne5 10. Nxe5 Bxe5 11. Na3 Qc7 12. Nc4 Bg7 13. a4 Nf6 14. 0-0 0-0 15. f4 g4 16. f5 gxh3 17. gxh3 Kh7 18. Kh1 Rg8 19. Rg1 b6 20. Rg2 a6 21. b3 b5 22. axb5 axb5 23. Rxa8 Rxa8 24. Nb2 Qd8 25. Qf2 Ra1+ 26. Kh2 Ra2 27. Qh4 Qg8 28. Bb1 Rxb2 29. Rxb2 1-0

[Event "Titled Tuesday intern op 26th Sep Late"]
[Site "Chess.com INT"]
[Date "2023.09.26"]
[Round "4"]
[White "Przybylski, Wojciech"]
[Black "Escalante, Rafael"]
[Result "1-0"]
[WhiteElo "2308"]
[BlackElo "2205"]
[PlyCount "87"]
[EventDate "2023.09.26"]
[EventType "swiss (blitz)"]
[EventRounds "11"]
[EventCountry "USA"]
[SourceTitle "EXT 2024"]
[Source "ChessBase"]
[SourceDate "2023.10.10"]
[SourceVersion "1"]
[SourceVersionDate "2023.10.10"]
[SourceQuality "1"]

1. e4 e5 2. Nf3 Nc6 3. Bb5 Bc5 4. 0-0 Nd4 5. Nxd4 Bxd4 6. c3 Bb6 7. d4 c6 8. Bc4 d6 9. Kh1 Nf6 10. f4 exd4 11. e5 Nd5 12. cxd4 0-0 13. Nc3 Nxc3 14. bxc3 Bf5 15. Bd3 Bxd3 16. Qxd3 dxe5 17. fxe5 Qd5 18. Be3 Rad8 19. Qe2 Qe4 20. Rf4 Qg6 21. Rg4 Qe6 22. h3 f6 23. Bf4 Bc7 24. Bh6 Rd7 25. Re4 fxe5 26. Bf4 Qf5 27. dxe5 Re7 28. Bg3 Qe6 29. Re1 h6 30. a4 Rfe8 31. c4 Bb6 32. Bf4 Ba5 33. Rd1 Bb6 34. Qf3 Qf5 35. Qe2 Bc7 36. Re1 Ba5 37. Rf1 Bc7 38. Bg3 Qe6 39. Re1 Qg6 40. Kh2 Ba5 41. Rd1 Bc7 42. Rf1 Bb6 43. Rf3 Bc7 44. c5 1-0

[Event "Titled Tuesday intern op 12th Sep Late"]
[Site "Chess.com INT"]
[Date "2023.09.12"]
[Round "7"]
[White "Escalante, Rafael"]
[Black "Gulamirian, Korun"]
[Result "1-0"]
[WhiteElo "2205"]
[BlackElo "1816"]
[PlyCount "89"]
[EventDate "2023.09.12"]
[EventType "swiss (blitz)"]
[EventRounds "11"]
[EventCountry "USA"]
[SourceTitle "EXT 2024"]
[Source "ChessBase"]
[SourceDate "2023.10.10"]
[SourceVersion "1"]
[SourceVersionDate "2023.10.10"]
[SourceQuality "1"]

1. Nf3 Nf6 2. d4 g6 3. c4 c5 4. Nc3 cxd4 5. Nxd4 Bg7 6. e3 0-0 7. Be2 Nc6 8. Nc2 e6 9. 0-0 Ne5 10. b3 Nc6 11. Bb2 Ne8 12. Qd2 d5 13. Rad1 d4 14. exd4 Qa5 15. a3 Nf6 16. b4 Qd8 17. Ne3 Ne7 18. Bf3 Nf5 19. Nxf5 exf5 20. d5 Qd6 21. c5 Qa6 22. d6 Bd7 23. Be2 Qc6 24. Rc1 Ne4 25. Nxe4 Qxe4 26. Bxg7 Kxg7 27. Bf3 Qe6 28. Qd4+ f6 29. Rfe1 Qb3 30. Rc3 Qa2 31. Rce3 Rf7 32. Bxb7 Raf8 33. Bd5 Qc2 34. R3e2 Qa4 35. Qc3 Bb5 36. Re7 Rxe7 37. Rxe7+ Kh8 38. h3 Qd1+ 39. Kh2 Qxd5 40. Rxa7 Qe5+ 41. Qxe5 fxe5 42. Rb7 Bc6 43. Rc7 Bb5 44. c6 Rd8 45. d7 1-0

[Event "Titled Tuesday intern op 30th May Late"]
[Site "Chess.com INT"]
[Date "2023.05.30"]
[Round "2"]
[White "Aalto, Patrik"]
[Black "Escalante, Rafael"]
[Result "1-0"]
[WhiteElo "2226"]
[BlackElo "2205"]
[PlyCount "71"]
[EventDate "2023.05.30"]
[EventType "swiss (blitz)"]
[EventRounds "11"]
[EventCountry "USA"]
[SourceTitle "CBM 214 Extra"]
[Source "ChessBase"]
[SourceDate "2023.07.31"]
[SourceVersion "1"]
[SourceVersionDate "2023.07.31"]
[SourceQuality "1"]

1. d4 Nf6 2. Bg5 e6 3. Nd2 d5 4. e3 c5 5. c3 Be7 6. Bd3 b6 7. Bxf6 Bxf6 8. f4 0-0 9. Ngf3 Ba6 10. Bxa6 Nxa6 11. 0-0 Nb8 12. Ne5 Qc7 13. Ndf3 Nc6 14. Qe1 g6 15. g4 Bg7 16. g5 Ne7 17. Kh1 Nf5 18. Nh4 Nxh4 19. Qxh4 f6 20. Ng4 Qe7 21. gxf6 Bxf6 22. Qh3 Bg7 23. Rf2 Rf5 24. Raf1 Raf8 25. Qg3 Kh8 26. Qg2 c4 27. Rf3 b5 28. Ne5 Bxe5 29. fxe5 Rxf3 30. Rxf3 Rxf3 31. Qxf3 Kg7 32. e4 Qg5 33. exd5 Qc1+ 34. Kg2 Qxb2+ 35. Kh3 exd5 36. e6 1-0

[Event "Titled Tuesday intern op 30th May Late"]
[Site "Chess.com INT"]
[Date "2023.05.30"]
[Round "11"]
[White "Escalante, Rafael"]
[Black "Stead, Kerry"]
[Result "1-0"]
[WhiteElo "2205"]
[BlackElo "1908"]
[PlyCount "47"]
[EventDate "2023.05.30"]
[EventType "swiss (blitz)"]
[EventRounds "11"]
[EventCountry "USA"]
[SourceTitle "CBM 214 Extra"]
[Source "ChessBase"]
[SourceDate "2023.07.31"]
[SourceVersion "1"]
[SourceVersionDate "2023.07.31"]
[SourceQuality "1"]

1. Nf3 d5 2. d4 c5 3. e3 Nc6 4. c4 Nf6 5. cxd5 Nxd5 6. e4 Nf6 7. d5 Nb4 8. a3 Na6 9. Nc3 Qa5 10. e5 Ne4 11. Bb5+ Kd8 12. Bxa6 Nxc3 13. Bd2 Qxa6 14. Bxc3 Bg4 15. Qd2 Bxf3 16. gxf3 Kc7 17. 0-0-0 Rd8 18. f4 g6 19. Kb1 Bg7 20. Qe3 b6 21. d6+ exd6 22. exd6+ Kc8 23. Bxg7 Rhe8 24. d7+ 1-0

[Event "Titled Tuesday intern op 16th May Late"]
[Site "Chess.com INT"]
[Date "2023.05.16"]
[Round "1"]
[White "Escalante, Rafael"]
[Black "Al Tarbosh, Ward"]
[Result "0-1"]
[WhiteElo "2205"]
[BlackElo "2256"]
[PlyCount "52"]
[EventDate "2023.05.16"]
[EventType "swiss (blitz)"]
[EventRounds "11"]
[EventCountry "USA"]
[SourceTitle "CBM 214 Extra"]
[Source "ChessBase"]
[SourceDate "2023.07.31"]
[SourceVersion "1"]
[SourceVersionDate "2023.07.31"]
[SourceQuality "1"]

1. Nf3 Nf6 2. d4 b6 3. c4 Bb7 4. e3 e6 5. a3 Be7 6. Nc3 0-0 7. Bd3 d5 8. cxd5 Nxd5 9. Bd2 c5 10. 0-0 cxd4 11. Nxd4 Nc6 12. Nxc6 Bxc6 13. Qe2 Bf6 14. Rac1 Rc8 15. Ba6 Rc7 16. Rfd1 Qe7 17. Nxd5 Bxd5 18. Rxc7 Qxc7 19. Rc1 Qe5 20. Bc3 Qg5 21. f3 h5 22. Bxf6 Qxf6 23. e4 Ba8 24. Bd3 Rd8 25. Kh1 h4 26. h3 Qg5 0-1

[Event "Titled Tuesday intern op 16th May Late"]
[Site "Chess.com INT"]
[Date "2023.05.16"]
[Round "4"]
[White "Escalante, Rafael"]
[Black "Kruckenhauser, Arthur"]
[Result "0-1"]
[WhiteElo "2205"]
[BlackElo "2383"]
[PlyCount "68"]
[EventDate "2023.05.16"]
[EventType "swiss (blitz)"]
[EventRounds "11"]
[EventCountry "USA"]
[SourceTitle "CBM 214 Extra"]
[Source "ChessBase"]
[SourceDate "2023.07.31"]
[SourceVersion "1"]
[SourceVersionDate "2023.07.31"]
[SourceQuality "1"]

1. Nf3 d5 2. d4 e6 3. c4 c6 4. e3 Bd6 5. Nbd2 f5 6. Bd3 Nf6 7. b3 0-0 8. a4 Bd7 9. Ba3 Be8 10. Bxd6 Qxd6 11. Ne5 Nbd7 12. Ndf3 Bh5 13. Qc2 Bxf3 14. Nxf3 Ne4 15. c5 Qe7 16. b4 e5 17. dxe5 Nxe5 18. Nxe5 Qxe5 19. 0-0 Rf6 20. b5 Rh6 21. f4 Qe7 22. Bxe4 fxe4 23. g3 Rf6 24. Qc3 Rc8 25. Rfc1 h5 26. h4 Rg6 27. Kf2 Qd7 28. bxc6 bxc6 29. Rab1 Qg4 30. Rg1 Qf3+ 31. Ke1 Rxg3 32. Rxg3 Qxg3+ 33. Kd2 Qf2+ 34. Kc1 Qg1+ 0-1

[Event "Titled Tuesday intern op 16th May Late"]
[Site "Chess.com INT"]
[Date "2023.05.16"]
[Round "10"]
[White "Escalante, Rafael"]
[Black "Tarnowska, Aleksandra"]
[Result "0-1"]
[WhiteElo "2205"]
[BlackElo "1835"]
[PlyCount "130"]
[EventDate "2023.05.16"]
[EventType "swiss (blitz)"]
[EventRounds "11"]
[EventCountry "USA"]
[SourceTitle "CBM 214 Extra"]
[Source "ChessBase"]
[SourceDate "2023.07.31"]
[SourceVersion "1"]
[SourceVersionDate "2023.07.31"]
[SourceQuality "1"]

1. Nf3 d5 2. d4 Nf6 3. c4 e6 4. Nc3 Be7 5. cxd5 exd5 6. Bg5 0-0 7. e3 h6 8. Bh4 Nbd7 9. Bd3 c6 10. Qc2 Re8 11. 0-0 Ne4 12. Bxe4 Bxh4 13. Bh7+ Kh8 14. Bd3 Be7 15. Rab1 Bd6 16. b4 a6 17. a4 Nf6 18. b5 axb5 19. axb5 Bg4 20. Nd2 Bd7 21. bxc6 bxc6 22. Ra1 Qe7 23. Na4 Rf8 24. Nb6 Rxa1 25. Rxa1 Rb8 26. Nxd7 Qxd7 27. Bf5 Qb7 28. Rc1 g6 29. Bh3 Qb2 30. g3 Kg7 31. Nf3 Ba3 32. Qxb2 Rxb2 33. Ra1 Bb4 34. Ne5 Ne4 35. Nd3 Rb3 36. Nxb4 Rxb4 37. Ra2 Ng5 38. Bg2 Rb1+ 39. Bf1 Nf3+ 40. Kg2 Ne1+ 41. Kh3 Nf3 42. Bg2 Ng5+ 43. Kg4 Kf6 44. h4 h5+ 45. Kf4 Ne6+ 46. Kf3 Rc1 47. Ra6 Ng7 48. Bh3 Ne8 49. Bd7 Nd6 50. Rxc6 Rxc6 51. Bxc6 Ke6 52. Ba4 Nf5 53. Bc2 Nd6 54. Kf4 Nc4 55. Bd1 Nd2 56. Be2 Ne4 57. f3 Nc3 58. e4 Nxe2+ 59. Ke3 Nc3 60. e5 Nb5 61. f4 Nc7 62. Kd3 f6 63. Ke3 fxe5 64. dxe5 Nb5 65. Kd3 d4 0-1

[Event "Titled Tuesday intern op 16th May Late"]
[Site "Chess.com INT"]
[Date "2023.05.16"]
[Round "8"]
[White "Mijovic, A."]
[Black "Escalante, Rafael"]
[Result "1-0"]
[WhiteElo "2077"]
[BlackElo "2205"]
[PlyCount "191"]
[EventDate "2023.05.16"]
[EventType "swiss (blitz)"]
[EventRounds "11"]
[EventCountry "USA"]
[SourceTitle "CBM 214 Extra"]
[Source "ChessBase"]
[SourceDate "2023.07.31"]
[SourceVersion "1"]
[SourceVersionDate "2023.07.31"]
[SourceQuality "1"]

1. e4 c5 2. Nf3 e6 3. d4 cxd4 4. Nxd4 a6 5. Nc3 Qc7 6. Be2 b5 7. a3 Bb7 8. 0-0 Nf6 9. f3 Bd6 10. g3 Be7 11. Be3 d6 12. Kg2 Nbd7 13. Qd2 Rc8 14. Rad1 Nb6 15. Rfe1 0-0 16. h4 Nc4 17. Bxc4 Qxc4 18. Rh1 Rfd8 19. g4 b4 20. axb4 Qxb4 21. g5 Nd7 22. Kh3 Ne5 23. Nd5 Qxd2 24. Nxe7+ Kf8 25. Rxd2 Kxe7 26. b3 Rc3 27. Re1 Rdc8 28. Kg3 g6 29. f4 Nd7 30. Kf2 Bxe4 31. Ree2 Nc5 32. b4 Nd7 33. Ke1 Bb7 34. Kd1 Ra3 35. Kc1 Ra1+ 36. Kb2 Rh1 37. Bf2 Nb6 38. Kb3 Bd5+ 39. Kb2 Nc4+ 40. Kc3 Nxd2+ 41. Kxd2 Rh2 42. Be1 Rxe2+ 43. Nxe2 Rc4 44. c3 Be4 45. Nd4 Rc8 46. Ke3 Bd5 47. Bf2 Bc4 48. Kd2 Kd7 49. Be1 Ra8 50. Bf2 a5 51. bxa5 Rxa5 52. Ke3 Ra3 53. Kd2 Ra2+ 54. Ke3 Bd5 55. Be1 e5 56. fxe5 dxe5 57. Nb5 Rb2 58. Na3 Rh2 59. Bg3 Rh3 60. Kf2 Rh1 61. c4 Bc6 62. Nc2 Rc1 63. Ne3 Ke6 64. Bh2 Rc3 65. Bg3 Bb7 66. Ke2 Ba6 67. Kd2 Ra3 68. c5 Bb7 69. Be1 Ra2+ 70. Kd3 Rh2 71. Bc3 e4+ 72. Kd4 Re2 73. Kc4 Rxe3 74. Bd4 Rd3 75. Bf2 Rd2 76. Be1 Re2 77. Bb4 Bc6 78. Ba5 Rh2 79. Kd4 Rxh4 80. Ke3 Rg4 81. Bd8 Rg3+ 82. Kf2 Rf3+ 83. Ke2 Kf5 84. Bf6 Kg4 85. Bd8 Rh3 86. Be7 Rh2+ 87. Ke3 Rh3+ 88. Kd4 e3 89. Kd3 Rg3 90. Ke2 Rh3 91. Bd6 Kf5 92. Be7 Ke4 93. Bd6 Rh4 94. Be7 Rh2+ 95. Ke1 Kf3 96. Kd1 1-0

[Event "Titled Tuesday intern op 09th May Late"]
[Site "Chess.com INT"]
[Date "2023.05.09"]
[Round "8"]
[White "Escalante, Rafael"]
[Black "Jelcic, Marko"]
[Result "1-0"]
[WhiteElo "2205"]
[BlackElo "2201"]
[PlyCount "39"]
[EventDate "2023.05.09"]
[EventType "swiss (blitz)"]
[EventRounds "11"]
[EventCountry "USA"]
[SourceTitle "CBM 214 Extra"]
[Source "ChessBase"]
[SourceDate "2023.07.31"]
[SourceVersion "1"]
[SourceVersionDate "2023.07.31"]
[SourceQuality "1"]

1. Nf3 g6 2. d4 Bg7 3. c4 d6 4. g3 Nd7 5. Bg2 a6 6. a4 Ngf6 7. Nc3 0-0 8. 0-0 c6 9. e4 e5 10. h3 Re8 11. Be3 exd4 12. Nxd4 Nc5 13. Qc2 Qe7 14. Rfe1 Nfxe4 15. Nxe4 Nxe4 16. Bxe4 Qxe4 17. Bd2 Qxd4 18. Rxe8+ Bf8 19. Bh6 Bf5 20. Rxa8 1-0

[Event "Titled Tuesday intern op 09th May Late"]
[Site "Chess.com INT"]
[Date "2023.05.09"]
[Round "11"]
[White "Escalante, Rafael"]
[Black "Stachanczyk, Jacek"]
[Result "0-1"]
[WhiteElo "2205"]
[BlackElo "2147"]
[PlyCount "90"]
[EventDate "2023.05.09"]
[EventType "swiss (blitz)"]
[EventRounds "11"]
[EventCountry "USA"]
[SourceTitle "CBM 214 Extra"]
[Source "ChessBase"]
[SourceDate "2023.07.31"]
[SourceVersion "1"]
[SourceVersionDate "2023.07.31"]
[SourceQuality "1"]

1. Nf3 g6 2. d4 Nf6 3. c4 Bg7 4. g3 d6 5. Bg2 0-0 6. 0-0 c6 7. Nc3 a6 8. a4 a5 9. e4 Qc7 10. h3 e5 11. Be3 exd4 12. Nxd4 Re8 13. Qc2 Na6 14. Rad1 Nc5 15. Bf4 Nfd7 16. Rfe1 Ne5 17. b3 Ne6 18. Be3 Nc5 19. f4 Ned7 20. Bf2 h5 21. Nf3 Qb6 22. Nd2 Qb4 23. Na2 Qb6 24. Kh2 Nf6 25. Nc3 Qb4 26. Ncb1 Be6 27. Kh1 Rad8 28. Bd4 Nfd7 29. Bxg7 Kxg7 30. Nc3 Nf6 31. f5 Bc8 32. fxg6 fxg6 33. Nf3 Nfd7 34. Ng5 Ne5 35. Rf1 Rf8 36. Rxf8 Rxf8 37. Rxd6 Qa3 38. Qd2 Qa1+ 39. Kh2 Kg8 40. Ne2 Nxb3 41. Qe3 Qb2 42. Nf4 Bg4 43. Nxg6 Bf3 44. Nf4 Bxg2 45. Nxg2 Rf2 0-1

[Event "Titled Tuesday intern op 09th May Late"]
[Site "Chess.com INT"]
[Date "2023.05.09"]
[Round "1"]
[White "Ismagilov, Damir"]
[Black "Escalante, Rafael"]
[Result "1-0"]
[WhiteElo "2156"]
[BlackElo "2205"]
[PlyCount "131"]
[EventDate "2023.05.09"]
[EventType "swiss (blitz)"]
[EventRounds "11"]
[EventCountry "USA"]
[SourceTitle "CBM 214 Extra"]
[Source "ChessBase"]
[SourceDate "2023.07.31"]
[SourceVersion "1"]
[SourceVersionDate "2023.07.31"]
[SourceQuality "1"]

1. f4 Nf6 2. Nf3 g6 3. b3 Bg7 4. Bb2 d6 5. e3 c5 6. Be2 Nc6 7. 0-0 Bg4 8. h3 Bd7 9. Nc3 0-0 10. d3 Rb8 11. a4 a6 12. Qd2 b5 13. Kh2 b4 14. Nd1 d5 15. Ne5 Qc7 16. Nf2 Rbc8 17. Nxc6 Bxc6 18. Be5 Qb7 19. Bf3 d4 20. Bxc6 Qxc6 21. e4 Nd7 22. Bxg7 Kxg7 23. Qe2 e6 24. e5 Nb6 25. Ne4 Nd5 26. Rf2 Nc3 27. Nxc3 dxc3 28. Qf3 Rfd8 29. Kg3 Rd4 30. Qxc6 Rxc6 31. Re1 Rc8 32. Rfe2 Rcd8 33. Re4 Kf8 34. Kf3 Ke7 35. Rxd4 cxd4 36. Re4 Rd5 37. g4 h6 38. Re1 Rd8 39. Ke4 f5+ 40. exf6+ Kxf6 41. Rf1 Rd5 42. Rf2 Rd7 43. f5 exf5+ 44. gxf5 g5 45. Rg2 h5 46. Rf2 Rd8 47. Rg2 Rd7 48. h4 g4 49. Rf2 Rd8 50. Rf4 Rd7 51. Rf2 Rd8 52. Kf4 Re8 53. Kg3 Re3+ 54. Kg2 Re1 55. Kg3 Re3+ 56. Kg2 Re1 57. Rf4 Re2+ 58. Kg3 Re3+ 59. Kf2 g3+ 60. Kg2 Re2+ 61. Kxg3 Rxc2 62. Rxd4 Rb2 63. Rxb4 c2 64. Rc4 Kxf5 65. Rc5+ Ke6 66. b4 1-0

[Event "Titled Tuesday intern op 28th Feb Late"]
[Site "Chess.com INT"]
[Date "2023.02.28"]
[Round "11"]
[White "Escalante, Rafael"]
[Black "Mikhalsky, Vladimir"]
[Result "0-1"]
[WhiteElo "2205"]
[BlackElo "2269"]
[PlyCount "80"]
[EventDate "2023.02.28"]
[EventType "swiss (blitz)"]
[EventRounds "11"]
[EventCountry "USA"]
[SourceTitle "CBM 213 Extra"]
[Source "ChessBase"]
[SourceDate "2023.05.31"]
[SourceVersion "1"]
[SourceVersionDate "2023.05.31"]
[SourceQuality "1"]

1. Nf3 c5 2. e3 g6 3. d4 Bg7 4. dxc5 Qa5+ 5. Nbd2 Qxc5 6. a3 Nf6 7. b4 Qc7 8. Bb2 0-0 9. c4 d5 10. Rc1 Qd8 11. cxd5 Nxd5 12. Bxg7 Kxg7 13. Qb3 Nc6 14. Be2 Be6 15. Qb2+ f6 16. 0-0 Bg8 17. Rfd1 e5 18. Nc4 Qe7 19. b5 Nd8 20. Na5 b6 21. Nc6 Nxc6 22. Rxc6 Rac8 23. Rdc1 Be6 24. h3 Bd7 25. Rxc8 Rxc8 26. Rxc8 Bxc8 27. Bc4 Qc5 28. Ba2 Nc3 29. Nd2 Nxa2 30. Qxa2 Qxb5 31. Ne4 Qc6 32. f3 Be6 33. Qd2 Bd5 34. Nc3 Bf7 35. e4 Qc5+ 36. Kh1 Qd4 37. Qb2 Bc4 38. Kh2 a5 39. Qc2 b5 40. Nd1 b4 0-1

[Event "Olympiad-27"]
[Site "Dubai"]
[Date "1986.11.24"]
[Round "9"]
[White "Riego Prieto, Victorio"]
[Black "Escalante, Rafael"]
[Result "1-0"]
[WhiteElo "2250"]
[BlackElo "2215"]
[PlyCount "59"]
[EventDate "1986.11.15"]
[EventType "team-swiss"]
[EventRounds "14"]
[EventCountry "UAE"]
[SourceTitle "TD"]
[Source "ChessBase"]
[SourceDate "1994.03.01"]
[SourceVersion "1"]
[SourceVersionDate "1994.03.01"]
[SourceQuality "1"]
[WhiteTeam "Paraguay"]
[BlackTeam "Venezuela"]
[WhiteTeamCountry "PAR"]
[BlackTeamCountry "VEN"]

1. e4 c5 2. Nf3 d6 3. d4 cxd4 4. Nxd4 Nf6 5. Nc3 a6 6. a4 Nc6 7. Be2 e6 8. Be3 Be7 9. 0-0 0-0 10. f4 Qc7 11. Nb3 b6 12. Bf3 Bb7 13. Qe1 Nb4 14. Qf2 Nd7 15. Rfd1 Bf6 16. Qe2 Rfd8 17. a5 Rab8 18. Na4 b5 19. Nb6 Nc6 20. e5 Ndxe5 21. fxe5 Nxe5 22. Bxb7 Qxb7 23. c3 Nc4 24. Qf2 Nxe3 25. Qxe3 Qc6 26. Rf1 Rf8 27. Nd4 Qc7 28. Rxf6 gxf6 29. Qh6 Qc5 30. Nd7 1-0